[Event "ARG-chT ART Semillero U21"]
[Site "Villa Martelli"]
[Date "2018.06.30"]
[Round "6.1"]
[White "Zullo, Luca Andres"]
[Black "Soto, Jose Andres"]
[Result "0-1"]
[WhiteElo "1390"]
[BlackElo "1755"]
[PlyCount "79"]
[EventDate "2018.06.02"]
[EventType "team-swiss"]
[EventRounds "6"]
[EventCountry "ARG"]
[SourceTitle "EXT 2019"]
[Source "ChessBase"]
[SourceDate "2018.10.10"]
[SourceVersion "1"]
[SourceVersionDate "2018.10.10"]
[SourceQuality "1"]
[WhiteTeam "Parrinello U21"]
[BlackTeam "La Plazoleta U21"]
[WhiteTeamCountry "ARG"]
[BlackTeamCountry "ARG"]

1. e4 e5 2. Nf3 Nc6 3. Bc4 Bc5 4. d3 Nf6 5. Bg5 d6 6. h3 a6 7. a4 Ba7 8. Nc3 h6 9. Bh4 g5 10. Bg3 Qe7 11. Qd2 Be6 12. Bxe6 fxe6 13. Bh2 0-0-0 14. 0-0-0 Rhf8 15. Rdf1 Qe8 16. b3 Nh5 17. Ne2 Rf7 18. Qc3 Qh8 19. Kb1 Rdf8 20. Qc4 Qf6 21. Qc3 Nf4 22. Bxf4 gxf4 23. Rh2 Rg8 24. Qe1 Rfg7 25. Rg1 Qf7 26. Kb2 Bb6 27. c3 d5 28. Nc1 Qe7 29. b4 d4 30. cxd4 Nxb4 31. Qc3 Nc6 32. Nb3 Rd8 33. Rf1 Nxd4 34. Nbxd4 Rxd4 35. Kb3 Rd6 36. Qxe5 Rxd3+ 37. Kc2 Qa3 38. Qxg7 Qb3+ 39. Kc1 Rc3+ 40. Kd2 0-1

[Event "ARG-chT ART Semillero U21"]
[Site "Villa Martelli"]
[Date "2018.06.16"]
[Round "3.2"]
[White "Villarreal, Agustin"]
[Black "Soto, Jose Andres"]
[Result "1/2-1/2"]
[WhiteElo "1882"]
[BlackElo "1755"]
[PlyCount "90"]
[EventDate "2018.06.02"]
[EventType "team-swiss"]
[EventRounds "6"]
[EventCountry "ARG"]
[SourceTitle "EXT 2019"]
[Source "ChessBase"]
[SourceDate "2018.10.10"]
[SourceVersion "1"]
[SourceVersionDate "2018.10.10"]
[SourceQuality "1"]
[WhiteTeam "Tacticos y Estrategas U21"]
[BlackTeam "La Plazoleta U21"]
[WhiteTeamCountry "ARG"]
[BlackTeamCountry "ARG"]

1. d4 Nf6 2. c4 g6 3. Nc3 d5 4. Nf3 Bg7 5. Bg5 c6 6. Bxf6 Bxf6 7. e4 dxe4 8. Nxe4 Bg7 9. Be2 0-0 10. 0-0 Nd7 11. Qb3 Qb6 12. Qc2 Nf6 13. Nxf6+ Bxf6 14. c5 Qc7 15. Bc4 Bf5 16. Qc3 Rad8 17. Rfe1 Qf4 18. Qe3 Qc7 19. Ne5 Qc8 20. Rad1 Be6 21. Bxe6 Qxe6 22. b3 Rd5 23. Qf4 Qc8 24. Ng4 Bg5 25. Qg3 Rfd8 26. Ne3 Bxe3 27. fxe3 e5 28. Qf2 exd4 29. Rxd4 Rxd4 30. exd4 Qd7 31. Re4 f5 32. Re5 Qxd4 33. Qxd4 Rxd4 34. Re7 Rb4 35. Kf2 h6 36. Ke3 Kf8 37. Rh7 h5 38. Kd3 Kg8 39. Re7 a5 40. g3 Kf8 41. Rh7 a4 42. Kc3 axb3 43. axb3 Rb5 44. Kc4 Kg8 45. Re7 Kh8 1/2-1/2